1219 1145 1043 1440 1644 1898 1462 1935 1930 1542 1551 1001 1988 1163 1599 1682 1855 1229 1074 1196 1446 1475 1748 1361 1549 1338 1991 1307 1746 1697 1584 1162 1205 1337 1059 1999 1628 1414 1883 1052 1678 1532 1732 1646 1308 1822 1721 1332 1374 1206 1203 1939 1678 1206 1127 1992 1650 1473 1363 1860 1460 1565 1664 1106 1566 1471 1518 1599 1763 1756 1063 1695 1271 1095 1285 1306 1635 1926 1767 1336 1345 1100 1217 1058 1504 1869 1562 1281 1731 1468 1330 1761 1644 1264 1720 1743 1407 1929 1544 BCNSPRNW ULIB Ver.6.0+V

เปลี่ยนเป็นภาษาไทย

Change to English
 แสดงรายละเอียดบรรณานุกรม
  กลับหน้าหลัก

Brief Record : Get Marc (ISO 2709) : E-mail record : QR code < ปิดหน้าต่าง
LEADER : 00000nam 2200000uu 4500
001    13399108289
003     ULIB
008    110227s2541||||th 000 0 tha d
020    9745558222
060  4 WA308^bร727ก 2541
100 0  รุจา ภู่ไพบูลย์
245 00 การพยาบาลครอบครัว แนวคิด ทฤษฏี และการนำไปใช้^cรุจา ภู่ไพบูลย์
250    พิมพ์ครั้งที่ 3
260    ขอนแก่น^bขอนแก่นการพิมพ์^c2541
300    251 หน้า
650  7 การพยาบาลครอบครัว
650  7 ครอบครัว
650  7 ทฤษฏีการดูแลตนเองของโอเร็ม
650  7 ทฤษฏีการพยาบาลครอบครัว
650  7 ทฤษฏีปฏิสัมพันธ์ของคิง
650  7 ทฤษฏีระบบดูแลสุขภาพของนิวแมน
700 0  รุจา ภู่ไพบูลย์
945    ^p0^l0^i13209
945    ^p0^l0^i13210
995    เกษร
999    ^aใช้งานได้ทุกระบบ
รายการนี้ยังไม่มีแท็ก
คุณยังไม่ได้ล็อกอิน คุณสามารถมีกิจกรรมร่วมกับเว็บไซต์ได้ แต่ต้องล็อกอินก่อน ::
  ล็อกอิน

รายการสื่อสารสนเทศ

ลำดับที่ ประเภท เลขเรียก/บาร์โค้ด สถานที่ สถานะ
1. วิทยาศาสตร์การแพทย์ และสุขภาพ
วิทยาศาสตร์การแพทย์ และสุขภาพ
WA308 ร727ก 2541 ฉ.2 
  Barcode: 13210
ห้องสมุดวิทยาเขตสวรรค์ประชารักษ์
►หนังสือทั่วไป
บนชั้น

รายการใกล้เคียง
    ผู้แต่ง [รุจา ภู่ไพบูลย์]

    หัวเรื่อง [การพยาบาลครอบครัว]
    หัวเรื่อง [ครอบครัว]
    หัวเรื่อง [ทฤษฏีการดูแลตนเองของโอเร็ม]
    หัวเรื่อง [ทฤษฏีการพยาบาลครอบครัว]
    หัวเรื่อง [ทฤษฏีปฏิสัมพันธ์ของคิง]
    หัวเรื่อง [ทฤษฏีระบบดูแลสุขภาพของนิวแมน]

BibComment


ยังไม่เคยถูกคอมเมนท์

คอมเมนท์ทรัพยากรรายการนี้
  คอมเมนท์: การพยาบาลครอบครัว..


 Copyright 2026. Bcnsprnw @Library